书目信息 |
| 书名: | Senators on the campaign trail | |
| 作者: | by Richard F. Fenno, Jr. | |
| 分册号: | ||
| 分册名: | 出版地: | Norman : |
|
| 出版社: | University of Oklahoma Press | |
| 出版时间: | c1996. | |
| 页数: | xii, 375 p. : | |
| 开本: | 22 cm. | |
| 丛书名: | The Julian J. Rothbaum distinguished lecture series | |
| 中图分类号: | ||
| 科图分类号: | ||
| 其他分类号: | D771.224 | |
| 主题词: | ||
| 电子资源: | ||
| 000 | 01025cam a2200253 a 450 | |
| 001 | E0738688871 | |
| 005 | 20070519105059.81 | |
| 008 | 951003s1996 okub b s001 0 eng | |
| 010 | @a95042282 | |
| 020 | @a0806128275 (alk. paper). | |
| 035 | @A(DLC) 95042282 | |
| 040 | @aDLC@cDLC@dDLC | |
| 090 | @aD771.224 | |
| 099 | @dD771.224@ex151 | |
| 100 | 1 | @aFenno, Richard F.,@d1926- |
| 245 | 10 | @aSenators on the campaign trail :@bthe politics of representation / @cby Richard F. Fenno, Jr. |
| 260 | @aNorman :@bUniversity of Oklahoma Press,@cc1996. | |
| 300 | @axii, 375 p. :@bmaps ;@c22 cm. | |
| 440 | 4 | @aThe Julian J. Rothbaum distinguished lecture series ;@vv. 6 |
| 504 | @aIncludes bibliographical references (p. [339]-362) and index. | |
| 610 | 10 | @aUnited States.@bCongress.@bSenate@xElections@xCase studies. |
| 650 | 0 | @aPolitical campaigns@zUnited States@xCase studies. |
| 650 | 0 | @aLegislators@zUnited States@xCase studies. |
| 650 | 0 | @aRepresentative government and representation@zUnited States@xCase studies. |
| Senators on the campaign trail : : the politics of representation / / by Richard F. Fenno, Jr.-Norman : : University of Oklahoma Press, , c1996. |
| xii, 375 p. : : maps ; ; 22 cm.- (The Julian J. Rothbaum distinguished lecture series ; v. 6 ) |
| Includes bibliographical references (p. [339]-362) and index. |
| ISBN 0806128275 (alk. paper). |
| ● |
| 相关链接 |
|
|
|
|
正题名:Senators on the campaign trail
索取号:D771.224/x151
 
预约/预借
| 序号 | 登录号 | 条形码 | 馆藏地/架位号 | 状态 | 备注 |
| 1 | 0010523 | 300105231 | 第二样本阅览室/ [索取号:D771.224/x151] | 在馆 | |
| 2 | 0010524 | 300105240 | 第四借阅区/ [索取号:D771.224/x151] | 在馆 |